00653nam a22001097a 4500040000800000082002700008100004600035245032400081260002700405300002400432856008700456 cRUA aAGR MON 2017 B630 Or.1 aMON SOKIM ម៉ុង សុខគីម agenotypic variation in morphological traits of rice (Oryza sativa L) under salt stress condition ការឆ្លើយតបលើលក្ខណះរូបសាស្រ្តរបស់សេណូទីបស្រូវផ្សេងៗក្រោមលក្ខណ្ឌស្រេ្តអំបិលស aRUAbphnom penh c2017 axiv;32pbill;c29cm uhttps://drive.google.com/file/d/1M_ATzV5lIIhq1DIfQYilKvKHGKV6y0hG/view?usp=sharing